Manual d'auditoria urbanística municipal / [equip redactor: Joan Badia... [et al.]] Joan Badia... [et al.]]
ISBN:
84-7794-140-8
Descripción Física:
92 p. : taules, gràf. ; 22 x 23 cm
Otros Autores:
Badia, Joan
Materias:
Urbanisme -- Inspecció -- Catalunya
MARC
| LEADER | 00000nam a2200000Ia 4500 | ||
|---|---|---|---|
| 001 | 16607 | ||
| 003 | BGR | ||
| 005 | 20260324175319.0 | ||
| 008 | 160829s2004 xx 000 0 cat d | ||
| 020 | |a 84-7794-140-8 | ||
| 080 | |a B-2-64 | ||
| 245 | |a Manual d'auditoria urbanística municipal / [equip redactor: |b Joan Badia... [et al.]] | ||
| 260 | |a [Barcelona] : |b IUHAL (Institut d'Urbanisme, Habitatge i Activitats Locals), |c 2004 | ||
| 300 | |a 92 p. : |b taules, gràf. ; |c 22 x 23 cm | ||
| 590 | |a A la coberta: Diputació de Barcelona, Xarxa de Municipis, Institut d'Urbanisme, Habitatge i Activitats Locals | ||
| 650 | |a Urbanisme |x Inspecció |x Catalunya |9 26477 | ||
| 700 | |a Badia, Joan |9 26478 | ||
| 710 | 1 | |a Institut d'Urbanisme, Habitatge i Activitats Locals (Barcelona) |9 71110 | |
| 901 | |a Arxiu | ||
| 942 | |n 1 |2 udc |c MON | ||
| 952 | |0 0 |1 0 |4 0 |6 B264 |7 1 |9 43995 |a Arxiu |b Arxiu |d 2016-12-01 |l 0 |o B-2-64 |p 16607 |r 2016-12-01 00:00:00 |w 2016-12-01 |y ARXIU | ||
| 999 | |c 46575 |d 46575 | ||